| 000 | 00794nam a2200229 a 4500 | ||
|---|---|---|---|
| 005 | 20210223132358.0 | ||
| 008 | 140613s2006 ea r 000 0 spa d | ||
| 020 | _a043985315X | ||
| 035 | _aUPN01000197844 | ||
| 049 | _aI | ||
| 050 | 4 |
_aQL795 W8 _bB4.6 |
|
| 100 | 1 |
_aBerger, Melvin _931760 |
|
| 245 | 1 | 1 |
_a¿Por qué aúllan los lobos? : _bpreguntas y respuestas sobre los lobos / _cMelvin Berger, Gilda Berger ; il. Roberto Osti ; tr. Carmen Rosa Navarro. |
| 260 |
_aNew York : _bScholastic, _c2006. |
||
| 300 |
_a48 p. : _bil. col. |
||
| 440 | 0 | _aPreguntas y respuestas de Scholastic | |
| 534 |
_pTítulo original: _tWhy do wolves howl? |
||
| 650 | 4 |
_aLOBOS - _vLITERATURA INFANTIL _921757 |
|
| 700 | 1 |
_aBerger, Gilda, _d1935- _ecoaut. _943292 |
|
| 905 | _aInfantil | ||
| 999 |
_c169945 _d169945 |
||